000
00226 a2200097 4500
001
46215
100
_a
Howard A
245
_a
Chamber's Dictionary of Scientists
260
_a
London
_b
W & R Chambers
_c
090
_c
29323
_d
29323
942
_a
NUST-CAE
_c
M
_c
21473
999
_c
281288
_d
281288